[Event "XXI Corsicoscacchi Magistrale"]
[Site "Corsico ITA"]
[Date "2000.09.30"]
[Round "1"]
[White "Astengo, Corrado"]
[Black "Bertazzo, Giorgio"]
[Result "1/2-1/2"]
[WhiteElo "2150"]
[BlackElo "2067"]
[PlyCount "27"]
[EventDate "2000.09.30"]

1. e4 c5 2. Nf3 d6 3. d4 Nf6 4. Nc3 cxd4 5. Nxd4 a6 6. Bg5 e6 7. f4 Qc7 8. Qf3
b5 9. O-O-O b4 10. Nce2 Bb7 11. Bxf6 gxf6 12. Ng3 Nd7 13. Kb1 O-O-O 14. Bd3
1/2-1/2

[Event "XXI Corsicoscacchi Magistrale"]
[Site "Corsico ITA"]
[Date "2000.09.30"]
[Round "1"]
[White "Barlocco, Carlo"]
[Black "Lapiccirella, Daniele"]
[Result "1-0"]
[WhiteElo "2179"]
[BlackElo "2084"]
[PlyCount "67"]
[EventDate "2000.09.30"]

1. Nf3 d5 2. d4 Nf6 3. g3 c6 4. Bg2 Bf5 5. O-O e6 6. c4 Bd6 7. Nc3 O-O 8. Nd2
Nbd7 9. b3 e5 10. dxe5 Bxe5 11. Bb2 Nb6 12. Na4 Bxb2 13. Nxb2 Qe7 14. Re1 Ne4
15. Qc1 Rfe8 16. Nf3 dxc4 17. Nxc4 Nxc4 18. Qxc4 Rad8 19. Nd4 Bc8 20. Rad1 Qf6
21. f3 Ng5 22. e4 Ne6 23. e5 Qe7 24. Nf5 Qc5+ 25. Qxc5 Nxc5 26. Nd6 Re7 27. f4
Bg4 28. Rd2 f6 29. h3 Bh5 30. b4 Na6 31. a3 Bf7 32. Red1 Red7 33. Bf3 h5 34.
Nxf7 1-0

[Event "XXI Corsicoscacchi Magistrale"]
[Site "Corsico ITA"]
[Date "2000.09.30"]
[Round "1"]
[White "Galli, Fabio"]
[Black "Popa, Florin"]
[Result "0-1"]
[WhiteElo "2107"]
[BlackElo "2198"]
[PlyCount "66"]
[EventDate "2000.09.30"]

1. e4 e5 2. Nf3 Nc6 3. Bb5 a6 4. Bxc6 dxc6 5. O-O Bg4 6. d3 f6 7. Be3 Qd7 8.
Nbd2 O-O-O 9. Nb3 Bd6 10. h3 Bh5 11. d4 Qe6 12. Nbd2 exd4 13. Nxd4 Qe5 14. f4
Qxd4 15. Bxd4 Bxd1 16. Raxd1 Bxf4 17. Nc4 Bh6 18. Bc3 Ne7 19. e5 f5 20. e6 Rxd1
21. Rxd1 Nd5 22. Ne5 Re8 23. Nf7 Be3+ 24. Kh1 Rxe6 25. Bd2 b5 26. Re1 h6 27. c4
bxc4 28. Bxe3 Nxe3 29. Kg1 f4 30. Kf2 Kd7 31. Kf3 Ke7 32. Nh8 Kf6 33. g3 fxg3
0-1

[Event "XXI Corsicoscacchi Magistrale"]
[Site "Corsico ITA"]
[Date "2000.09.30"]
[Round "1"]
[White "Lapiccirella, Mattia"]
[Black "Everet, Alexandro"]
[Result "0-1"]
[WhiteElo "2144"]
[BlackElo "2348"]
[PlyCount "86"]
[EventDate "2000.09.30"]

1. d4 Nf6 2. c4 b6 3. Nf3 Bb7 4. Nc3 e6 5. a3 d5 6. cxd5 exd5 7. g3 h6 8. Bg2
Be7 9. O-O O-O 10. Bf4 Nbd7 11. Rc1 a6 12. Ne5 Re8 13. Qb3 c6 14. e4 Nf8 15.
exd5 cxd5 16. Nd3 Ne6 17. Be5 Ne4 18. Rfd1 Bf8 19. Nf4 Nxf4 20. Bxf4 Nxc3 21.
Rxc3 Re7 22. Rdc1 b5 23. Rc7 Rc8 24. Rxc8 Bxc8 25. Qxd5 Rd7 26. Qa8 Rxd4 27.
Qxc8 Qf6 28. Be3 Rd8 29. Qc6 Qxb2 30. Qxa6 Rd3 31. Qc8 Qxa3 32. Qe8 b4 33. Rc8
Rd1+ 34. Bf1 Qd3 35. Qxf8+ Kh7 36. Qh8+ Kg6 37. Rc6+ f6 38. Qe8+ Kh7 39. Kg2
Qxf1+ 40. Kf3 Qh1+ 41. Ke2 Re1+ 42. Kd2 Ra1 43. Kd3 Qd5+ 0-1

[Event "XXI Corsicoscacchi Magistrale"]
[Site "Corsico ITA"]
[Date "2000.09.30"]
[Round "1"]
[White "Moratto, Davide"]
[Black "Piantoni, Roberto"]
[Result "0-1"]
[WhiteElo "2009"]
[BlackElo "2174"]
[PlyCount "80"]
[EventDate "2000.09.30"]

1. e4 e6 2. d4 d5 3. Nc3 Bb4 4. Nge2 dxe4 5. a3 Bxc3+ 6. Nxc3 Nc6 7. Be3 Nf6 8.
Bc4 Ne7 9. Bg5 Nfd5 10. Nxe4 f6 11. Bh4 Ng6 12. Bg3 f5 13. Nc5 f4 14. Qe2 fxg3
15. hxg3 Nge7 16. O-O-O Qd6 17. Qh5+ g6 18. Qg5 Qc6 19. Qe5 Rf8 20. Rxh7 b6 21.
Bxd5 Nxd5 22. Ne4 Bd7 23. Kb1 O-O-O 24. Rdh1 Rf5 25. Qg7 Ne3 26. fxe3 Qxe4 27.
Rh8 Rh5 28. Rxd8+ Kxd8 29. Qf8+ Be8 30. Rf1 Qxg2 31. Qf6+ Kc8 32. Qxe6+ Kb7 33.
Rd1 Rh2 34. Rc1 Bc6 35. Qxg6 Be4 36. Qe6 Bxc2+ 37. Ka1 Ba4 38. Rb1 Bc6 39. Qe5
Be4 40. d5 Bxb1 0-1

[Event "XXI Corsicoscacchi Magistrale"]
[Site "Corsico ITA"]
[Date "2000.09.30"]
[Round "1"]
[White "Ubezio, Marco"]
[Black "Pace, Pietro Dario"]
[Result "1-0"]
[WhiteElo "2209"]
[BlackElo "2114"]
[PlyCount "77"]
[EventDate "2000.09.30"]

1. d4 d5 2. Bg5 c6 3. Nf3 Qb6 4. b3 Nf6 5. Bxf6 exf6 6. e3 Be7 7. Bd3 Bg4 8.
O-O O-O 9. Nbd2 Nd7 10. c4 Rfe8 11. Qc2 g6 12. h3 Be6 13. e4 dxe4 14. Nxe4 Nf8
15. Rad1 Rad8 16. Qd2 Bc8 17. Bb1 Nd7 18. Qf4 f5 19. c5 Qa5 20. Nd6 Bxd6 21.
Qxd6 Nf8 22. Qg3 Ne6 23. Bxf5 Qxa2 24. b4 Nxc5 25. Bb1 Qd5 26. bxc5 a5 27. Rd2
Re7 28. Ba2 Qf5 29. Qh4 Rde8 30. Qh6 Qf6 31. Ne5 Be6 32. Bxe6 Qxe6 33. Ra1 Ra8
34. Re1 Qf5 35. g4 Qf6 36. Rde2 Qg7 37. Qxg7+ Kxg7 38. g5 a4 39. Ra2 1-0

[Event "XXI Corsicoscacchi Magistrale"]
[Site "Corsico ITA"]
[Date "2000.09.30"]
[Round "2"]
[White "Bertazzo, Giorgio"]
[Black "Lapiccirella, Mattia"]
[Result "1-0"]
[WhiteElo "2067"]
[BlackElo "2144"]
[PlyCount "81"]
[EventDate "2000.09.30"]

1. e4 c5 2. Nc3 Nc6 3. f4 g6 4. Nf3 Bg7 5. Bb5 Nd4 6. O-O Nxb5 7. Nxb5 Nh6 8.
c4 a6 9. Nc3 b5 10. d3 O-O 11. Qe1 b4 12. Nd1 f5 13. Qh4 Nf7 14. exf5 gxf5 15.
Be3 d6 16. d4 cxd4 17. Nxd4 e6 18. Qf2 Qc7 19. Rc1 e5 20. Nf3 exf4 21. Bxf4 Ne5
22. Nxe5 dxe5 23. Bd2 a5 24. Ne3 Be6 25. Nd5 Bxd5 26. cxd5 Qf7 27. Rc5 f4 28.
Qf3 Qg6 29. Rc6 Qf5 30. Qb3 Qe4 31. Bc1 a4 32. Qc4 Qxc4 33. Rxc4 Rfd8 34. Rd1
Bf8 35. g3 fxg3 36. hxg3 Ra5 37. Rg4+ Kh8 38. Bg5 Rd7 39. Bf6+ Bg7 40. Rxg7
Rxg7 41. d6 1-0

[Event "XXI Corsicoscacchi Magistrale"]
[Site "Corsico ITA"]
[Date "2000.09.30"]
[Round "2"]
[White "Everet, Alexandro"]
[Black "Barlocco, Carlo"]
[Result "1/2-1/2"]
[WhiteElo "2348"]
[BlackElo "2179"]
[PlyCount "115"]
[EventDate "2000.09.30"]

1. d4 d5 2. Bf4 Nf6 3. e3 e6 4. Nf3 Bd6 5. Be5 O-O 6. Bd3 Nc6 7. Bxf6 Qxf6 8.
c3 e5 9. dxe5 Nxe5 10. Nxe5 Bxe5 11. Qc2 h6 12. h3 c5 13. O-O c4 14. Be2 b5 15.
Nd2 Bf5 16. Qd1 b4 17. f4 Bd6 18. Kh1 bxc3 19. bxc3 Rfe8 20. Bf3 Rxe3 21. Nxc4
Rd3 22. Qe2 Rxc3 23. Nxd6 Qxd6 24. Rad1 Rc2 25. Qb5 Rb8 26. Qa4 Qg6 27. Rb1
Rbc8 28. Qxa7 Qg3 29. Qg1 Rxa2 30. Rb4 Rcc2 31. Qh2 Qxh2+ 32. Kxh2 Be4 33. Rb8+
Kh7 34. Bxe4+ dxe4 35. Rg1 e3 36. Re8 e2 37. Re1 h5 38. Kg3 Kg6 39. Kf3 f6 40.
Re3 Kf5 41. g4+ Kg6 42. R1xe2 h4 43. Re6 Rc3+ 44. R6e3 Rxe3+ 45. Rxe3 Rh2 46.
Ke4 Rg2 47. Ra3 Kh6 48. Ra5 g6 49. Ra8 Kg7 50. Ra7+ Kg8 51. f5 g5 52. Kd5 Re2
53. Kd6 Kf8 54. Rh7 Re3 55. Ra7 Ke8 56. Ra8+ Kf7 57. Ra7+ Ke8 58. Ra8+ 1/2-1/2

[Event "XXI Corsicoscacchi Magistrale"]
[Site "Corsico ITA"]
[Date "2000.09.30"]
[Round "2"]
[White "Lapiccirella, Daniele"]
[Black "Galli, Fabio"]
[Result "1/2-1/2"]
[WhiteElo "2084"]
[BlackElo "2107"]
[PlyCount "28"]
[EventDate "2000.09.30"]

1. d4 Nf6 2. c4 e6 3. Bg5 c5 4. d5 b5 5. e4 h6 6. Bxf6 Qxf6 7. Qc2 Na6 8. a3
exd5 9. exd5 Nc7 10. Nc3 bxc4 11. Bxc4 Be7 12. Nge2 O-O 13. O-O d6 14. Ng3 Bd7
1/2-1/2

[Event "XXI Corsicoscacchi Magistrale"]
[Site "Corsico ITA"]
[Date "2000.09.30"]
[Round "2"]
[White "Pace, Pietro Dario"]
[Black "Moratto, Davide"]
[Result "1-0"]
[WhiteElo "2114"]
[BlackElo "2009"]
[PlyCount "75"]
[EventDate "2000.09.30"]

1. e4 c5 2. Nf3 d6 3. d4 cxd4 4. Nxd4 Nf6 5. Nc3 a6 6. Bc4 e6 7. Bb3 Nbd7 8.
Be3 Nc5 9. f3 b5 10. Qd2 Bb7 11. O-O-O Be7 12. g4 b4 13. Nce2 Nxb3+ 14. Nxb3 a5
15. Nbd4 d5 16. e5 Nd7 17. f4 Nb6 18. b3 a4 19. Kb1 axb3 20. cxb3 Ra5 21. f5
exf5 22. gxf5 Qa8 23. Rhg1 g6 24. e6 f6 25. fxg6 hxg6 26. Rxg6 Nc4 27. bxc4
dxc4 28. Ng3 c3 29. Qc2 Bd5 30. Rg7 Rxh2 31. Qg6+ Kd8 32. Rg8+ Kc7 33. Rxa8
Rb2+ 34. Kc1 Rxa8 35. Nc2 Raxa2 36. Rxd5 Rxc2+ 37. Qxc2 b3 38. Qxc3+ 1-0

[Event "XXI Corsicoscacchi Magistrale"]
[Site "Corsico ITA"]
[Date "2000.09.30"]
[Round "2"]
[White "Piantoni, Roberto"]
[Black "Sbarra, Marco"]
[Result "0-1"]
[WhiteElo "2174"]
[BlackElo "2285"]
[PlyCount "118"]
[EventDate "2000.09.30"]

1. d4 d5 2. Nf3 e6 3. e3 c5 4. c3 Nf6 5. Nbd2 Bd6 6. Bd3 O-O 7. O-O Nbd7 8. e4
cxd4 9. cxd4 dxe4 10. Nxe4 Nxe4 11. Bxe4 h6 12. Re1 Nf6 13. Bc2 b6 14. Qd3 Bb7
15. Ne5 Rc8 16. Bf4 Re8 17. Rac1 Qe7 18. Re3 Rc7 19. Rce1 Rec8 20. R3e2 Bd5 21.
Bb3 Bxb3 22. Qxb3 Nd5 23. Bd2 Bb4 24. a3 Bxd2 25. Rxd2 Rc1 26. Rxc1 Rxc1+ 27.
Rd1 Qc7 28. Nd3 Rc6 29. Nb4 Nxb4 30. Qxb4 Rc1 31. Qe1 Rc2 32. Rd2 Rc4 33. g3
Qc6 34. Rd1 a5 35. Qe2 Rc2 36. Rd2 Rc1+ 37. Rd1 Qc2 38. Qxc2 Rxc2 39. b4 axb4
40. axb4 Rb2 41. d5 exd5 42. Rxd5 Rxb4 43. Rd8+ Kh7 44. Rd6 f6 45. h4 Kg6 46.
Rd7 h5 47. Kg2 b5 48. Rb7 Rb1 49. Kf3 b4 50. Kf4 b3 51. Rb6 Kf7 52. Rb7+ Ke6
53. Rxg7 Rf1 54. Rb7 Rxf2+ 55. Ke3 Rb2 56. Rb6+ Kf5 57. Kf3 Rb1 58. Rb5+ Ke6
59. g4 b2 0-1

[Event "XXI Corsicoscacchi Magistrale"]
[Site "Corsico ITA"]
[Date "2000.09.30"]
[Round "2"]
[White "Pinotti, Claudio"]
[Black "Astengo, Corrado"]
[Result "1/2-1/2"]
[WhiteElo "1747"]
[BlackElo "2150"]
[PlyCount "65"]
[EventDate "2000.09.30"]

1. e4 c5 2. Nf3 d6 3. Bb5+ Nd7 4. c3 Ngf6 5. Qe2 e6 6. O-O a6 7. Ba4 b5 8. Bc2
Bb7 9. d4 Qc7 10. Bg5 Be7 11. Bd3 e5 12. Nbd2 O-O 13. d5 c4 14. Bc2 h6 15. Bh4
Nc5 16. Bxf6 Bxf6 17. a4 Rfc8 18. Ra2 Be7 19. Ne1 f5 20. f3 Bg5 21. g3 Bxd2 22.
Qxd2 bxa4 23. Qe2 fxe4 24. fxe4 Qb6 25. Kg2 Qb5 26. Nf3 Rf8 27. Nd2 Rxf1 28.
Qxf1 Nd3 29. Bxa4 Qc5 30. Qg1 Qc7 31. Bc2 Rf8 32. Bxd3 cxd3 33. Qe3 1/2-1/2

[Event "XXI Corsicoscacchi Magistrale"]
[Site "Corsico ITA"]
[Date "2000.09.30"]
[Round "2"]
[White "Popa, Florin"]
[Black "Ubezio, Marco"]
[Result "1/2-1/2"]
[WhiteElo "2198"]
[BlackElo "2209"]
[PlyCount "95"]
[EventDate "2000.09.30"]

1. Nf3 g6 2. e4 c6 3. d4 d5 4. exd5 cxd5 5. c3 Nc6 6. Qa4 Qa5 7. Bb5 Qxa4 8.
Bxa4 f6 9. c4 Bd7 10. Bd2 e6 11. cxd5 exd5 12. O-O O-O-O 13. Rc1 Bh6 14. Bxh6
Nxh6 15. Rc5 Kb8 16. Nc3 Ne7 17. Re1 Bxa4 18. Rxe7 Nf5 19. Rf7 Nd6 20. Re7 Nf5
21. Re6 b6 22. Rxd5 Rxd5 23. Nxd5 Bd1 24. Rxf6 Bxf3 25. gxf3 Rc8 26. Nc3 Nxd4
27. Kg2 Nf5 28. f4 Nh4+ 29. Kg3 Nf5+ 30. Kf3 Rd8 31. Ke2 Nd4+ 32. Ke3 Nf5+ 33.
Ke2 Nd4+ 34. Kd3 Nf3+ 35. Kc4 Nxh2 36. Rf7 Rc8+ 37. Kb4 Rc7 38. Rf8+ Kb7 39.
Nb5 Rd7 40. f5 a6 41. Nc3 Ng4 42. fxg6 hxg6 43. Kb3 Ne5 44. Rf6 b5 45. a4 bxa4+
46. Nxa4 Rc7 47. f4 Nd3 48. Rxg6 1/2-1/2

[Event "XXI Corsicoscacchi Magistrale"]
[Site "Corsico ITA"]
[Date "2000.10.01"]
[Round "3"]
[White "Lapiccirella, Mattia"]
[Black "Lapiccirella, Daniele"]
[Result "1/2-1/2"]
[WhiteElo "2144"]
[BlackElo "2084"]
[PlyCount "26"]
[EventDate "2000.09.30"]

1. d4 d5 2. c4 c6 3. Nf3 Nf6 4. cxd5 cxd5 5. Qb3 Nc6 6. e3 e6 7. Bb5 Bd7 8. Bd2
Bd6 9. O-O O-O 10. Rc1 Qe7 11. Nc3 Rfc8 12. Na4 Ne4 13. Be1 Rab8 1/2-1/2

[Event "XXI Corsicoscacchi Magistrale"]
[Site "Corsico ITA"]
[Date "2000.10.07"]
[Round "4"]
[White "Bertazzo, Giorgio"]
[Black "Piantoni, Roberto"]
[Result "1/2-1/2"]
[WhiteElo "2067"]
[BlackElo "2174"]
[PlyCount "86"]
[EventDate "2000.09.30"]

1. e4 e6 2. d4 d5 3. Nd2 Nf6 4. e5 Nfd7 5. Bd3 c5 6. c3 Nc6 7. Ne2 cxd4 8. cxd4
f6 9. exf6 Nxf6 10. O-O Bd6 11. Nf3 O-O 12. Bg5 Bd7 13. Bh4 Qb6 14. Qb1 h6 15.
Bg3 Bxg3 16. hxg3 Nb4 17. Bg6 Bb5 18. Re1 Ne4 19. Bxe4 dxe4 20. Qxe4 Bd3 21.
Qe3 Bf5 22. Ne5 Nc2 23. Qd2 Nxe1 24. Rxe1 Rad8 25. g4 Bh7 26. g5 hxg5 27. Qxg5
Rd5 28. Rc1 Bf5 29. Rc3 Rxd4 30. Nxd4 Qxd4 31. Qe3 Qd1+ 32. Kh2 Rf6 33. f3 Rh6+
34. Kg3 Qh1 35. Kf2 Rh2 36. Qg5 Rh5 37. Qd8+ Kh7 38. Rc8 Qh4+ 39. Qxh4 Rxh4 40.
Rc4 Rxc4 41. Nxc4 Bb1 42. a3 Ba2 43. Ne5 Kg8 1/2-1/2

[Event "XXI Corsicoscacchi Magistrale"]
[Site "Corsico ITA"]
[Date "2000.10.07"]
[Round "4"]
[White "Everet, Alexandro"]
[Black "Galli, Fabio"]
[Result "1-0"]
[WhiteElo "2348"]
[BlackElo "2107"]
[PlyCount "89"]
[EventDate "2000.09.30"]

1. b4 e5 2. Bb2 f6 3. a3 d5 4. d4 e4 5. e3 Be6 6. Nd2 Bd6 7. c4 c6 8. Qb3 Bf7
9. Ne2 Ne7 10. Nc3 Nd7 11. Be2 O-O 12. g4 f5 13. gxf5 Nxf5 14. O-O-O Nf6 15. h4
Qe7 16. Rdg1 a5 17. c5 Bc7 18. b5 b6 19. Rg5 g6 20. cxb6 Bxb6 21. bxc6 Rab8 22.
Qa4 Rfc8 23. h5 h6 24. Rgg1 g5 25. Kb1 Be8 26. Bb5 Qd6 27. Rc1 Ne7 28. Qb3 Kg7
29. a4 Bxc6 30. Ka1 Bxb5 31. axb5 Rc7 32. Ba3 Qe6 33. Na4 Rxc1+ 34. Bxc1 Ba7
35. Ba3 Nc8 36. Nb1 Nb6 37. Nxb6 Bxb6 38. Nc3 Qd7 39. Na4 Kh7 40. Ka2 Kh8 41.
Rc1 Bd8 42. b6 Qb7 43. Bd6 Ra8 44. Be5 Kg7 45. Nc5 1-0

[Event "XXI Corsicoscacchi Magistrale"]
[Site "Corsico ITA"]
[Date "2000.10.07"]
[Round "4"]
[White "Lapiccirella, Daniele"]
[Black "Ubezio, Marco"]
[Result "1-0"]
[WhiteElo "2084"]
[BlackElo "2209"]
[PlyCount "93"]
[EventDate "2000.09.30"]

1. d4 Nf6 2. c4 e5 3. dxe5 Ng4 4. Bf4 Nc6 5. Nf3 Bb4+ 6. Nbd2 Qe7 7. e3 Ngxe5
8. Nxe5 Nxe5 9. Bxe5 Qxe5 10. a3 Bd6 11. Qc2 b6 12. Bd3 Bb7 13. Be4 Bxe4 14.
Nxe4 Qa5+ 15. Qc3 Qxc3+ 16. Nxc3 Be5 17. Rc1 c6 18. O-O f5 19. Rfd1 O-O-O 20.
Rc2 Kc7 21. Ne2 Rhf8 22. g3 Bf6 23. f4 Rfe8 24. Kf2 Re4 25. Ng1 d6 26. Nf3 g6
27. Rd3 a6 28. b3 b5 29. Nd2 Re7 30. Kf3 Rde8 31. h4 h6 32. b4 g5 33. hxg5 hxg5
34. Nf1 g4+ 35. Kf2 Rh7 36. cxb5 axb5 37. Rd5 Kd7 38. Rxf5 Ke6 39. e4 Bd4+ 40.
Kg2 Reh8 41. Rxc6 Ba7 42. Rd5 Bb8 43. Rxb5 Kd7 44. Rc3 Ke6 45. Rg5 Rh1 46. Rg6+
Kd7 47. Rxg4 1-0

[Event "XXI Corsicoscacchi Magistrale"]
[Site "Corsico ITA"]
[Date "2000.10.07"]
[Round "4"]
[White "Moratto, Davide"]
[Black "Lapiccirella, Mattia"]
[Result "0-1"]
[WhiteElo "2009"]
[BlackElo "2144"]
[PlyCount "106"]
[EventDate "2000.09.30"]

1. e4 c5 2. Nf3 Nc6 3. Bb5 g6 4. Bxc6 dxc6 5. d3 Bg7 6. c3 Nf6 7. O-O O-O 8.
Re1 Bg4 9. h3 Bxf3 10. Qxf3 e5 11. Bg5 Qd6 12. Na3 Ne8 13. Rad1 Nc7 14. Nc4 Qd7
15. Bf6 Qe6 16. Bxg7 Kxg7 17. Qg4 f6 18. Qxe6 Nxe6 19. g3 Rad8 20. Kg2 Rd7 21.
Re2 Rfd8 22. Red2 Kf7 23. a4 b5 24. axb5 cxb5 25. Ne3 c4 26. Nd5 cxd3 27. b4 f5
28. f3 Ng5 29. Rf1 Kg7 30. h4 fxe4 31. hxg5 exf3+ 32. Kxf3 Rxd5 33. Ke4 R8d7
34. Rf6 h6 35. Re6 hxg5 36. Rxe5 Rxe5+ 37. Kxe5 Kf7 38. Rf2+ Ke8 39. Rd2 Ke7
40. g4 Rd6 41. Ke4 Ke6 42. Ke3 Ke5 43. Kf3 Rd7 44. Ke3 Rh7 45. Rg2 Rh3+ 46. Kd2
Ke4 47. Rg1 Rh2+ 48. Kd1 d2 49. Rg3 Rf2 50. Rh3 Rf3 51. Rh7 Kd3 52. Rd7+ Kxc3
53. Rd3+ Rxd3 0-1

[Event "XXI Corsicoscacchi Magistrale"]
[Site "Corsico ITA"]
[Date "2000.10.07"]
[Round "4"]
[White "Popa, Florin"]
[Black "Astengo, Corrado"]
[Result "1/2-1/2"]
[WhiteElo "2198"]
[BlackElo "2150"]
[PlyCount "56"]
[EventDate "2000.09.30"]

1. Nf3 Nf6 2. c4 c6 3. b3 d5 4. Bb2 Bf5 5. d3 e6 6. g3 Nbd7 7. Bg2 Be7 8. O-O
O-O 9. Nbd2 h6 10. Re1 Qc7 11. Rc1 Rad8 12. a3 Bh7 13. b4 a6 14. Qb3 Qb8 15.
cxd5 cxd5 16. e4 dxe4 17. dxe4 Rfe8 18. h3 a5 19. Qa4 axb4 20. axb4 Rc8 21. Qb5
Rxc1 22. Rxc1 Nf8 23. Qc4 b5 24. Qc6 Bxb4 25. Be5 Qd8 26. Bc7 Qd7 27. e5 Nd5
28. Bd6 Bxd6 1/2-1/2

[Event "XXI Corsicoscacchi Magistrale"]
[Site "Corsico ITA"]
[Date "2000.10.07"]
[Round "4"]
[White "Sbarra, Marco"]
[Black "Barlocco, Carlo"]
[Result "1-0"]
[WhiteElo "2285"]
[BlackElo "2179"]
[PlyCount "73"]
[EventDate "2000.09.30"]

1. d4 d5 2. c4 c6 3. Nc3 Nf6 4. e3 a6 5. Bd3 b5 6. b3 Bg4 7. Nge2 Nbd7 8. f3
Bh5 9. Nf4 e5 10. Nxh5 Nxh5 11. O-O Nhf6 12. cxd5 cxd5 13. e4 dxe4 14. Nxe4
exd4 15. Re1 Be7 16. Nd6+ Kf8 17. Nf5 Bc5 18. Bg5 h6 19. Bd2 g6 20. b4 gxf5 21.
bxc5 Nd5 22. Rc1 Qf6 23. Qb3 Ne3 24. Rxe3 dxe3 25. Bc3 Ne5 26. Qd5 Re8 27. f4
Qh4 28. Bxe5 Qf2+ 29. Kh1 e2 30. Bxe2 Qxe2 31. c6 Rg8 32. c7 Rxe5 33. c8=Q+ Re8
34. Qcc5+ Kg7 35. Qxf5 Qd2 36. Qfc2 Qxf4 37. Q5c3+ 1-0

[Event "XXI Corsicoscacchi Magistrale"]
[Site "Corsico ITA"]
[Date "2000.10.07"]
[Round "5"]
[White "Astengo, Corrado"]
[Black "Sbarra, Marco"]
[Result "1/2-1/2"]
[WhiteElo "2150"]
[BlackElo "2285"]
[PlyCount "27"]
[EventDate "2000.09.30"]

1. e4 c5 2. Nf3 e6 3. d4 cxd4 4. Nxd4 Qb6 5. Nc3 Bc5 6. Na4 Qa5+ 7. Nc3 Bxd4 8.
Qxd4 Nf6 9. Bd2 Nc6 10. Qd6 Qb4 11. Qxb4 Nxb4 12. Bd3 O-O 13. Nb5 Nxd3+ 14.
cxd3 1/2-1/2

[Event "XXI Corsicoscacchi Magistrale"]
[Site "Corsico ITA"]
[Date "2000.10.07"]
[Round "5"]
[White "Barlocco, Carlo"]
[Black "Popa, Florin"]
[Result "0-1"]
[WhiteElo "2179"]
[BlackElo "2198"]
[PlyCount "84"]
[EventDate "2000.09.30"]

1. d4 d5 2. c4 e6 3. Nf3 Nf6 4. g3 Be7 5. Bg2 O-O 6. Qc2 Re8 7. O-O b6 8. Bf4
Bb7 9. Ne5 Na6 10. Nc3 Qc8 11. Rac1 dxc4 12. Nxc4 Bxg2 13. Kxg2 c5 14. dxc5
Nxc5 15. f3 Nd5 16. Nxd5 exd5 17. Nd6 Bxd6 18. Bxd6 Qa6 19. Kf2 Ne6 20. Qd2
Qxa2 21. Be5 Qb3 22. Rfd1 Rad8 23. Bd4 Qb5 24. e3 Rc8 25. Rxc8 Rxc8 26. Rc1
Rxc1 27. Qxc1 Qc4 28. Bc3 Nc5 29. Qd2 Nb3 30. Qc2 g6 31. h4 b5 32. Qb1 b4 33.
Bf6 a5 34. g4 a4 35. h5 Kf8 36. Qh1 Qc2+ 37. Kg3 a3 38. bxa3 bxa3 39. e4 g5 40.
exd5 Qd2 41. Qb1 Qf4+ 42. Kg2 Qxf6 0-1

[Event "XXI Corsicoscacchi Magistrale"]
[Site "Corsico ITA"]
[Date "2000.10.07"]
[Round "5"]
[White "Lapiccirella, Mattia"]
[Black "Galli, Fabio"]
[Result "1-0"]
[WhiteElo "2144"]
[BlackElo "2107"]
[PlyCount "81"]
[EventDate "2000.09.30"]

1. d4 Nf6 2. c4 e6 3. Nf3 c5 4. Nc3 cxd4 5. Nxd4 a6 6. g3 d5 7. cxd5 Nxd5 8.
Bg2 Nxc3 9. bxc3 e5 10. Nc2 Qxd1+ 11. Kxd1 Nc6 12. Rb1 Bc5 13. Be3 Bxe3 14.
Nxe3 O-O 15. Bxc6 bxc6 16. Rb6 Be6 17. Kc2 Rfb8 18. Rhb1 Rc8 19. R1b4 Kf8 20.
Ra4 a5 21. Nc4 Bxc4 22. Rxc4 Ke7 23. Rbxc6 Rxc6 24. Rxc6 Kd7 25. Rc5 Kd6 26.
Rb5 Ra7 27. a4 f6 28. e4 Kc6 29. f3 Ra8 30. c4 Ra7 31. Kc3 Ra8 32. f4 exf4 33.
gxf4 Re8 34. Kd4 Rd8+ 35. Rd5 Ra8 36. e5 Ra7 37. Rd6+ Kc7 38. Kc5 Rb7 39. e6
Rb2 40. Rd7+ Kc8 41. Rxg7 1-0

[Event "XXI Corsicoscacchi Magistrale"]
[Site "Corsico ITA"]
[Date "2000.10.07"]
[Round "5"]
[White "Pace, Pietro Dario"]
[Black "Everet, Alexandro"]
[Result "0-1"]
[WhiteElo "2114"]
[BlackElo "2348"]
[PlyCount "142"]
[EventDate "2000.09.30"]

1. e4 e5 2. Nf3 Nf6 3. d4 exd4 4. e5 Nd5 5. Qxd4 Nb6 6. Nc3 Nc6 7. Qe4 Be7 8.
Be3 d5 9. exd6 cxd6 10. O-O-O Be6 11. Nd4 Nxd4 12. Bxd4 O-O 13. Bd3 g6 14. g4
Bf6 15. h4 Re8 16. Qf4 Be5 17. Bxe5 dxe5 18. Qh6 Qf6 19. Ne4 Qg7 20. Qg5 Nd5
21. Rhg1 Rec8 22. Qd2 Nf6 23. Nd6 Rc6 24. Nf5 Bxf5 25. gxf5 Rd8 26. Qa5 Rd5 27.
Qxa7 Rcd6 28. fxg6 hxg6 29. Qe3 Ra5 30. Bc4 Ne8 31. h5 Kf8 32. Rxd6 Nxd6 33.
Qb6 Qh6+ 34. Kb1 Nxc4 35. Qd8+ Kg7 36. hxg6 Qh2 37. Rd1 Rb5 38. b3 Kxg6 39.
Qd3+ Kg7 40. Qxc4 Rb6 41. Qg4+ Rg6 42. Qe4 b6 43. Kb2 Rg5 44. Rh1 Qxf2 45. Rh7+
Kg8 46. Rh6 Kg7 47. Qh7+ Kf8 48. Rd6 Ke7 49. Qd3 Qf5 50. Qd2 e4 51. Rd4 Qe5 52.
Qe3 Rg4 53. a4 Kf8 54. Qc3 Kg7 55. Ka2 Qf6 56. Qe3 Qc6 57. Rc4 Qe6 58. Qc3+ Qf6
59. Qe3 Qe6 60. Qc3+ Kh7 61. Qe3 Rh4 62. Rc3 f5 63. Rc7+ Kg6 64. Qg3+ Rg4 65.
Qc3 Kg5 66. Rg7+ Kh6 67. Rc7 Kg5 68. Rg7+ Kf4 69. Qd2+ e3 70. Qd4+ Qe4 71. Qd6+
Kf3 0-1

[Event "XXI Corsicoscacchi Magistrale"]
[Site "Corsico ITA"]
[Date "2000.10.07"]
[Round "5"]
[White "Piantoni, Roberto"]
[Black "Lapiccirella, Daniele"]
[Result "1-0"]
[WhiteElo "2174"]
[BlackElo "2084"]
[PlyCount "41"]
[EventDate "2000.09.30"]

1. d4 d5 2. Nf3 Nf6 3. e3 c6 4. Bd3 e6 5. Nbd2 Bd6 6. O-O Nbd7 7. c3 e5 8. e4
dxe4 9. Nxe4 Nxe4 10. Bxe4 O-O 11. dxe5 Nxe5 12. Nxe5 Bxe5 13. Bxh7+ Kxh7 14.
Qh5+ Kg8 15. Qxe5 Re8 16. Qg3 Qb6 17. Bh6 g6 18. Rae1 Bf5 19. Re5 Be6 20. Qh4
Qd8 21. Bg5 1-0

[Event "XXI Corsicoscacchi Magistrale"]
[Site "Corsico ITA"]
[Date "2000.10.07"]
[Round "5"]
[White "Pinotti, Claudio"]
[Black "Moratto, Davide"]
[Result "1-0"]
[WhiteElo "1747"]
[BlackElo "2009"]
[PlyCount "65"]
[EventDate "2000.09.30"]

1. e4 d5 2. exd5 Qxd5 3. Nc3 Qd6 4. d4 Nf6 5. Nf3 Bg4 6. Be2 a6 7. Be3 e6 8.
Qd2 Nc6 9. O-O-O h6 10. Bf4 Qd8 11. h3 Bf5 12. d5 Nb4 13. dxe6 Bxe6 14. Qxd8+
Rxd8 15. Bxc7 Rc8 16. Ba5 Nxa2+ 17. Nxa2 Bxa2 18. Nd4 Bc5 19. Bf3 O-O 20. Bxb7
Rb8 21. Bc6 Rfc8 22. Ba4 Bd5 23. f3 Rb7 24. Rhe1 Bb4 25. Bxb4 Rxb4 26. b3 Kh7
27. Kb2 Nh5 28. Re5 Nf4 29. g3 f6 30. Rf5 Rcb8 31. Ka3 Nxh3 32. Rxd5 Ng5 33.
Nc6 1-0

[Event "XXI Corsicoscacchi Magistrale"]
[Site "Corsico ITA"]
[Date "2000.10.07"]
[Round "5"]
[White "Ubezio, Marco"]
[Black "Bertazzo, Giorgio"]
[Result "1/2-1/2"]
[WhiteElo "2209"]
[BlackElo "2067"]
[PlyCount "117"]
[EventDate "2000.09.30"]

1. d4 d5 2. Bg5 c5 3. dxc5 f6 4. Bh4 e5 5. e4 Be6 6. exd5 Qxd5 7. Qxd5 Bxd5 8.
Nc3 Be6 9. Bb5+ Kf7 10. Nge2 Bxc5 11. f4 Nc6 12. Ne4 Be7 13. Bxc6 bxc6 14. fxe5
fxe5 15. Rf1+ Ke8 16. Bg3 Bf6 17. Nd6+ Ke7 18. Nf5+ Bxf5 19. Rxf5 Nh6 20. Rf3
Rhd8 21. Rd1 Rxd1+ 22. Kxd1 Rd8+ 23. Ke1 Rb8 24. b3 Rb5 25. c4 Rb7 26. Nc3 Ke6
27. Ne4 Be7 28. Bf2 Nf5 29. Rd3 Nd4 30. Rh3 h6 31. Rg3 Rd7 32. Kf1 Kf7 33. Rd3
Ke6 34. Bxd4 Rxd4 35. Rxd4 exd4 36. Ke2 Ke5 37. Kd3 a5 38. Nd2 c5 39. Nb1 Bg5
40. Na3 Bf4 41. g3 Bg5 42. Nb5 Bd8 43. Na7 Bc7 44. Nc6+ Kf5 45. h3 h5 46. a4 g5
47. b4 cxb4 48. Nxd4+ Ke5 49. g4 hxg4 50. hxg4 Bb6 51. Ne2 Ba7 52. Ng3 Kf4 53.
Ne4 Kxg4 54. c5 Kf4 55. c6 Bb8 56. Nf6 Kf3 57. Ne4 g4 58. Ng5+ Kf2 59. Ne4+
1/2-1/2